|
|
|
|
| LEADER |
00778pam a22002178a 4500 |
| 001 |
00044235 |
| 005 |
20190514100507.0 |
| 008 |
110329s1984 ||||||Viesd |
| 020 |
# |
# |
|c 90000đ
|a 978 604 57 4667 7
|
| 041 |
0 |
# |
|a Vie
|
| 082 |
1 |
4 |
|a 495.922 014
|b N104B
|
| 100 |
1 |
# |
|a Hồ, Xuân Mai
|
| 245 |
0 |
0 |
|a Nam Bộ qua ngôn từ
|c Hồ Xuân Mai; Phan Kim Thoa
|
| 260 |
# |
# |
|a Hà Nội
|b Chính trị Quốc gia Sự thật
|c 2019
|
| 300 |
# |
# |
|a 176 tr.
|c 21 cm.
|b Thư mục: Tr. 168 - 176
|
| 653 |
# |
# |
|a Nam bộ
|a Ngôn từ
|
| 653 |
# |
# |
|a Ngôn ngữ
|
| 700 |
1 |
# |
|a Phan, Kim Thoa
|
| 852 |
# |
# |
|j KM.0031509
|j KM.0031512
|j KD.0025848
|j KM.0029660
|
| 910 |
# |
# |
|d 14/5/2019
|
| 980 |
# |
# |
|a Trung tâm Học liệu Lê Vũ Hùng, Trường Đại học Đồng Tháp
|